00689cam a2200217 a 4500020002200000020002500022040000800047082002600055100002100081245002300102260003200125300003300157490003300190500010000223650001800323650002100341700002300362710006200385942000700447999001700454 a0333668561 (pbk.) a9780333668566 (pbk.) cUKM04a633 MAC 1998 A036 Or.1 aBayer, Wolfgang.10aForage husbandry / aLondon :bMacmillan,c1998. aix, 198 p. :bill. ;c22 cm.1 aThe tropical agriculturalist aPublished in cooperation with the CTA (Technical Centre for Agriculture and Rural Cooperation). 0aForage plants 0aRange management1 aWaters-Bayer, Ann.2 aTechnical Centre for Agricultural and Rural Co-operation. cEK c11340d11340